| Tag |
First Indicator |
Second Indicator |
Subfields |
| LEADER |
00000cam a2200000 i 4500 |
| 001 |
in00000562921 |
| 005 |
20190207094641.0 |
| 008 |
801210s1949 txua 00000 eng d |
| 035 |
|
|
|a (OCoLC)07023649
|
| 035 |
|
|
|9 ACP0080AM
|
| 040 |
|
|
|a TXH
|c TXH
|d TXA
|d UtOrBLW
|
| 041 |
0 |
|
|a eng
|
| 043 |
|
|
|a n-us-tx
|
| 049 |
|
|
|a TXAS
|c [A08372961]
|
| 090 |
|
|
|a F394.O6
|b O6 1949
|
| 110 |
1 |
|
|a Orange (Tex.).
|b Chamber of Commerce.
|
| 245 |
1 |
0 |
|a Orange, Texas :
|b the city of your future.
|
| 264 |
|
1 |
|a Orange, Tex. :
|b Chamber,
|c 1949.
|
| 300 |
|
|
|a 20 unnumbered pages :
|b illustrations ;
|c 22 cm.
|
| 336 |
|
|
|a text
|b txt
|2 rdacontent
|
| 337 |
|
|
|a unmediated
|b n
|2 rdamedia
|
| 338 |
|
|
|a volume
|b nc
|2 rdacarrier
|
| 500 |
|
|
|a The Cushing Library/Chapman Texas Collection copy is part of the Floyd & Louise Chapman Texas & Borderlands Collection.
|5 TXA
|
| 500 |
|
|
|a Cover title.
|
| 651 |
|
0 |
|a Orange (Tex.)
|x Description and travel.
|
| 999 |
|
|
|a MARS
|
| 999 |
f |
f |
|s 359afcc6-d389-32a5-9de1-7a94d33a851f
|i b6472e7e-e5a1-37bf-b85c-d6fa1463c8da
|t 0
|
| 952 |
f |
f |
|p noncirc
|a Texas A&M University
|b College Station
|c Cushing Memorial Library & Archives
|d Cushing: Chapman Texas Collection (Does not check out)
|t 0
|e F394.O6 O6 1949
|h Library of Congress classification
|i unmediated -- volume
|m A14808372961
|
| 998 |
f |
f |
|a F394.O6 O6 1949
|t 0
|l Cushing: Chapman Texas Collection (Does not check out)
|